Memòria històrica dels ateneus a Catalunya (Record no. 177358)

MARC details
000 -LEADER
campo de control de longitud fija 00964nam a2200265 i 4500
001 - NÚMERO DE CONTROL
campo de control 177358
003 - IDENTIFICADOR DE NÚMERO DE CONTROL
campo de control ES-MaACL
005 - FECHA Y HORA DE LA ÚLTIMA TRANSACCIÓN
campo de control 20230906220318.0
008 - DATOS DE LONGITUD FIJA--INFORMACIÓN GENERAL
campo de control de longitud fija 110317s2009 sp |||| | cat d
020 ## - NÚMERO INTERNACIONAL ESTÁNDAR DEL LIBRO
Número Internacional Estándar del Libro 978-84-87064-69-2
080 ## - NÚMERO DE LA CLASIFICACIÓN DECIMAL UNIVERSAL
Número de la Clasificación Decimal Universal 061.22(460.235 B.)(091)
100 1# - ENTRADA PRINCIPAL--NOMBRE DE PERSONA
Nombre de persona Marín Silvestre, Dolors.
9 (RLIN) 129679
245 10 - MENCIÓN DEL TÍTULO
Título Memòria històrica dels ateneus a Catalunya
Resto del título : un patrimoni de pràctica associativa i una història que cal rescatar /
Mención de responsabilidad, etc. Dolors Marín Silvestre.
260 ## - PUBLICACIÓN, DISTRIBUCIÓN, ETC.
Lugar de publicación, distribución, etc. Barcelona :
Nombre del editor, distribuidor, etc. Fundació Ferrer i Guàrdia,
Fecha de publicación, distribución, etc. imp. 2009.
300 ## - DESCRIPCIÓN FÍSICA
Extensión 35 p. ;
Dimensiones 21 cm.
490 1# - MENCIÓN DE SERIE
Mención de serie Quaderns d'història ;
Designación de volumen o secuencia 3
504 ## - NOTA DE BIBLIOGRAFÍA, ETC.
Nota de bibliografía, etc. Bibliografía: p. 34-35.
546 ## - NOTA DE IDIOMA
Nota de lengua/lenguaje Texto en catalán.
650 #4 - PUNTO DE ACCESO ADICIONAL DE MATERIA--TÉRMINO DE MATERIA
Término de materia o nombre geográfico como elemento de entrada Ateneos-
Subdivisión geográfica Cataluña.
9 (RLIN) 168898
650 04 - PUNTO DE ACCESO ADICIONAL DE MATERIA--TÉRMINO DE MATERIA
Término de materia o nombre geográfico como elemento de entrada Instituciones culturales-
Subdivisión geográfica España.
9 (RLIN) 13831
710 2# - ENTRADA AGREGADA--NOMBRE DE ENTIDAD CORPORATIVA
Nombre de entidad corporativa o nombre de jurisdicción como elemento de entrada Fundación Francisco Ferrer.
9 (RLIN) 145187
830 0# - PUNTO DE ACCESO ADICIONAL DE SERIE-TÍTULO UNIFORME
Título uniforme Quaderns d'història ;
Designación de volumen o secuencia 3
9 (RLIN) 224164
852 ## - LOCALIZACIÓN
Ubicación ES-MaACL
Número de control de estantería 2275-F-2
Holdings
Estatus retirado Estado de pérdida Estado de daño No para préstamo Colección Biblioteca de origen Biblioteca actual Ubicación en estantería Fecha de adquisición Fuente de adquisición Total de préstamos Signatura topográfica completa Código de barras Visto por última vez Precio de reemplazo Tipo de ítem Koha
        Colección de folletos Biblioteca del Ateneo de Madrid Biblioteca del Ateneo de Madrid Depósito folletos 17/03/2011     2275-F-2 1186279 23/02/2023 23/02/2023 Folleto